00845cam a2200253 a 4500001000500000005001700005020002500022040001800047050001400065082000800079100002800087245008600115260004700201300004800248490002300296505000800319520012600327521002000453521002000473650002200493650002000515650002200535700003400557387020241031080309.0 a9780064440509 (pbk.) aDLCcDLCbeng00aPZ10.M6280024001 aMinarik, Else Holmelund12aA kiss for Little Bear /cby Else Holmelund Minarik ; pictures by Maurice Sendak. aNew York :bHarperCollinsPublishers,c1968 a32 pages : bcolor illustrations ; c22 cm.0 aAn I can read book aF  aLittle Bear's thank-you kiss from Grandmother gets passed on to him by many animals and greatly aids the skunks' romance. a340 bLexile  aF bRaz-Plus  1aKissingvFiction. 1aBearsvFiction. 1aAnimalsvFiction.1 aSendak, Mauriceeillustrator